Drapeaux avec du Vert - Mort Subite - Statistiques

Statistiques générales
  • Ce quiz a été pris 168 fois
  • Le résultat moyen est 13 sur 20
Answers on the Grid
Answers color-coded by a green-red scale on the quiz's grid according to % correct below.
Albanie
Brésil
Vanuatu
Serbie
Algérie
Afrique du Sud
Micronésie
Côte d'Ivoire
Ukraine
Sainte-Lucie
Zambie
Thailande
France
Mexique
Maroc
Arabie saoudite
Azerbaidjan
Mongolie
Palestine
Birmanie
Philippines
Bangladesh
Bolivie
Salvador
Kenya
Hongrie
Gabon
Cuba
Tuvalu
Syrie
Croatie
Corée du Nord
Dominique
Tonga
Colombie
Canada
Indonesie
Haiti
Liberia
Djibouti
 
Statistiques - réponses
Réponse % Correct
Brésil
99%
Algérie
90%
Afrique du Sud
88%
Arabie saoudite
87%
Côte d'Ivoire
87%
Mexique
84%
Hongrie
73%
Maroc
72%
Palestine
72%
Bangladesh
63%
Bolivie
61%
Kenya
61%
Zambie
60%
Azerbaidjan
57%
Gabon
57%
Syrie
43%
Dominique
39%
Birmanie
37%
Djibouti
36%
Vanuatu
31%
Aucun quiz correspondant
Distribution des résultats
% des personnes avec chaque résultat
Percentile par nombre de réponses
Votre historique - résultats
Vous n’avez pas pris ce quiz